|
|
|
|
| LEADER |
01257nam a2200325 4500 |
| 001 |
DLU160176154 |
| 005 |
##20160504 |
| 020 |
# |
# |
|a 9786049027451
|
| 040 |
# |
# |
|a DLU
|b vie
|
| 041 |
# |
# |
|a vie
|
| 044 |
# |
# |
|a vn
|
| 082 |
# |
# |
|a 390.095 97
|b LE-V
|
| 100 |
# |
# |
|a Lê Thế Vịnh.
|
| 245 |
# |
# |
|a Di sản văn hoá dân gian vùng cửa sông Đà Diễn /
|c Lê Thế Vịnh.
|
| 260 |
# |
# |
|a H. :
|b Khoa học Xã hội,
|c 2015.
|
| 300 |
# |
# |
|a 479 tr. ;
|c 21 cm.
|
| 504 |
# |
# |
|a Tài liệu tham khảo: tr.465.
|
| 505 |
# |
# |
|a Chương 1. Phong tục - tập quán -- Chương 2. Tín ngưỡng dân gian -- Chương 3. Lễ hội dân gian -- Chương 4. Văn học, nghệ thuật dân gian và tri thức dân gian -- Chương 5. Nghề thủ công truyền thống -- Chương 6. Văn hoá phi vật thể người Hoa vùng cửa sông Đà Diễn -- Chương 7. Di sản văn hoá dân gian vùng cửa sông Đà Diễn trong cuộc sống đương đại.
|
| 651 |
# |
# |
|a Phú Yên (Việt Nam)
|x Văn hoá dân gian.
|
| 923 |
# |
# |
|a 07/2015
|
| 991 |
# |
# |
|a SH
|
| 992 |
# |
# |
|a 19200
|
| 994 |
# |
# |
|a DLU
|
| 900 |
# |
# |
|a True
|
| 911 |
# |
# |
|a Đào Thị Thu Huyền
|
| 925 |
# |
# |
|a G
|
| 926 |
# |
# |
|a A
|
| 927 |
# |
# |
|a SH
|
| 980 |
# |
# |
|a Thư viện Trường Đại học Đà Lạt
|